00437 a2200157 4500003000400000005001700004008004100021020001800062040000900080082001700089100003000106245008600136250001300222260003000235300001400265OSt20230905154203.0230826b |||||||| |||| 00| 0 eng d a9788131732632 coclc a658.8bKRI/R aKrishnamacharyulu, C S G aRURAL MARKETING btext and cases /cC S G Krishnamacharyulu, Lalitha Ramakrishnan a2nd ed. aChennai:bPearson,c2023. a587 pages